000 00440nam a22001457a 4500
020 _a1861002874
082 _222
_a005.44769
100 _aBanahan, Miks ...[et al. ]
245 _aProfessional Linux development :
_bintegrating linux into your NT/Unix networking architecture /
260 _aUSA
_bWrax Press Ltd,
_cc2000.
300 _axviii, 653 p. ;
_bill. ;
700 _aBoarner Michael,
700 _aand Dickson Ian
942 _2ddc
_cIT
999 _c4335
_d4335